[Event "Steinfurt Bezirksklasse 0809"]
[Site "Germany"]
[Date "2009.03.07"]
[Round "5.1"]
[White "Menz, Robert"]
[Black "Seekircher, Dieter"]
[Result "1-0"]
[WhiteElo "1552"]
[BlackElo "1364"]
[PlyCount "83"]
[EventDate "2008.09.13"]
[EventType "team-tourn"]
[EventRounds "7"]
[EventCountry "GER"]
[SourceTitle "EXT 2010"]
[Source "ChessBase"]
[SourceDate "2010.11.25"]
[SourceVersion "1"]
[SourceVersionDate "2010.11.25"]
[SourceQuality "1"]
[WhiteTeam "Saerbeck III"]
[BlackTeam "Steinfurt IV"]
[WhiteTeamCountry "GER"]
[BlackTeamCountry "GER"]

1. d4 Nf6 2. c4 e6 3. Nc3 Bb4 4. a3 Bxc3+ 5. bxc3 d5 6. Bg5 0-0 7. e3 b6 8. Bd3 Ba6 9. cxd5 exd5 10. Ne2 Bxd3 11. Qxd3 Nbd7 12. 0-0 c5 13. c4 dxc4 14. Qxc4 h6 15. Bf4 Ne4 16. Rfd1 Rc8 17. d5 Re8 18. f3 Nef6 19. e4 Nh5 20. Be3 Ne5 21. Qc3 Qh4 22. Bf2 Qd8 23. a4 c4 24. Bd4 Qd6 25. Bxe5 Rxe5 26. Rd4 a6 27. Rxc4 Rxc4 28. Qxc4 Qf6 29. Qd4 Nf4 30. Nxf4 Qxf4 31. Qf2 Rh5 32. g3 Qe5 33. Rd1 Qd6 34. f4 Qa3 35. Qd4 Qa2 36. Rd2 Qb1+ 37. Kg2 Qc1 38. d6 Qc8 39. d7 Qd8 40. e5 Qa8+ 41. Qd5 Qd8 42. Rc2 1-0

[Event "Steinfurt Bezirksliga 0708"]
[Site "Germany"]
[Date "2007.10.27"]
[Round "2.8"]
[White "Koerbel, Thomas"]
[Black "Seekircher, Dieter"]
[Result "0-1"]
[WhiteElo "1150"]
[BlackElo "1312"]
[PlyCount "90"]
[EventDate "2007.09.22"]
[EventType "team-tourn"]
[EventRounds "9"]
[EventCountry "GER"]
[SourceTitle "EXT 2009"]
[Source "ChessBase"]
[SourceDate "2008.11.26"]
[SourceVersion "1"]
[SourceVersionDate "2008.11.26"]
[SourceQuality "1"]
[WhiteTeam "Saerbeck II"]
[BlackTeam "Steinfurt III"]
[WhiteTeamCountry "GER"]
[BlackTeamCountry "GER"]

1. e4 d5 2. exd5 Qxd5 3. Nc3 Qa5 4. d4 c6 5. Nf3 Bg4 6. h3 Bh5 7. g4 Bg6 8. Bd2 Qc7 9. h4 h6 10. Bg2 e6 11. g5 Bd6 12. h5 Bf5 13. Nh4 Ne7 14. Nxf5 Nxf5 15. Qg4 Qb6 16. 0-0-0 Qxd4 17. Qf3 Nh4 18. Qh3 Nxg2 19. Qxg2 hxg5 20. Be3 Qe5 21. Kb1 Be7 22. Bd4 Qf5 23. Bxg7 Rh7 24. h6 Bf6 25. Qh2 Nd7 26. Qc7 Rd8 27. Rd2 Be7 28. Rhd1 e5 29. Rxd7 Rxd7 30. Qc8+ Bd8 31. Bf6 Rxd1+ 32. Nxd1 Qd7 33. Qxd8+ Qxd8 34. Bxd8 Kxd8 35. Nc3 Rxh6 36. Kc1 f5 37. Ne2 Rh2 38. Ng3 Rxf2 39. Kd1 f4 40. Ne4 Rg2 41. Ke1 g4 42. Kf1 Rxc2 43. Nf2 g3 44. Nd3 e4 45. Nxf4 Rf2+ 0-1

[Event "Steinfurt Bezirksliga 0708"]
[Site "Germany"]
[Date "2007.09.22"]
[Round "1.5"]
[White "Boehlich, Daniel"]
[Black "Seekircher, Dieter"]
[Result "1/2-1/2"]
[WhiteElo "1630"]
[BlackElo "1312"]
[PlyCount "46"]
[EventDate "2007.09.22"]
[EventType "team-tourn"]
[EventRounds "9"]
[EventCountry "GER"]
[SourceTitle "EXT 2009"]
[Source "ChessBase"]
[SourceDate "2008.11.26"]
[SourceVersion "1"]
[SourceVersionDate "2008.11.26"]
[SourceQuality "1"]
[WhiteTeam "Steinfurt II"]
[BlackTeam "Steinfurt III"]
[WhiteTeamCountry "GER"]
[BlackTeamCountry "GER"]

1. e4 d5 2. exd5 Qxd5 3. Nc3 Qa5 4. d4 c6 5. Nf3 Bg4 6. h3 Bh5 7. g4 Bg6 8. Bg2 e6 9. Ne5 Bd6 10. Nxg6 hxg6 11. 0-0 Qc7 12. Re1 Nf6 13. d5 Nxd5 14. Nxd5 cxd5 15. Qxd5 Nc6 16. c3 Rd8 17. Qb5 Rd7 18. Bg5 Ne7 19. Bxe7 Kxe7 20. Qg5+ Ke8 21. Rad1 Bh2+ 22. Kh1 Bd6 23. Qb5 Ke7 1/2-1/2

[Event "Steinfurt Bezirksklasse 0607"]
[Site "Germany"]
[Date "2007.04.14"]
[Round "7.7"]
[White "Richter, Alexander"]
[Black "Seekircher, Dieter"]
[Result "1-0"]
[WhiteElo "1438"]
[BlackElo "1398"]
[PlyCount "21"]
[EventDate "2006.09.30"]
[EventType "team-tourn"]
[EventRounds "7"]
[EventCountry "GER"]
[SourceTitle "EXT 2008"]
[Source "ChessBase"]
[SourceDate "2007.11.25"]
[SourceVersion "1"]
[SourceVersionDate "2007.11.25"]
[SourceQuality "1"]
[WhiteTeam "Rheine SG"]
[BlackTeam "Steinfurt III"]
[WhiteTeamCountry "GER"]
[BlackTeamCountry "GER"]

1. d4 d5 2. c4 e6 3. Nc3 c5 4. dxc5 Bxc5 5. cxd5 Nf6 6. Bg5 h6 7. Bxf6 Qxf6 8. e3 Bb4 9. Qa4+ Nc6 10. dxc6 Bxc3+ 11. Ke2 1-0

[Event "Steinfurt Bezirksklasse 0607"]
[Site "Germany"]
[Date "2006.11.25"]
[Round "3.7"]
[White "Seekircher, Dieter"]
[Black "Harke, Tim"]
[Result "1-0"]
[WhiteElo "1398"]
[BlackElo "1282"]
[PlyCount "93"]
[EventDate "2006.09.30"]
[EventType "team-tourn"]
[EventRounds "7"]
[EventCountry "GER"]
[SourceTitle "EXT 2008"]
[Source "ChessBase"]
[SourceDate "2007.11.25"]
[SourceVersion "1"]
[SourceVersionDate "2007.11.25"]
[SourceQuality "1"]
[WhiteTeam "Steinfurt III"]
[BlackTeam "Saerbeck III"]
[WhiteTeamCountry "GER"]
[BlackTeamCountry "GER"]

1. d4 d5 2. c4 dxc4 3. Nf3 Nf6 4. e3 g6 5. Bxc4 Bg7 6. Nc3 0-0 7. 0-0 Re8 8. Re1 Nc6 9. e4 Bg4 10. d5 Bxf3 11. Qxf3 Nd4 12. Qd1 Nd7 13. Be3 e5 14. dxe6 Nxe6 15. Qb3 b6 16. Rad1 Nec5 17. Bxc5 bxc5 18. Bxf7+ Kf8 19. Bxe8 Qxe8 20. Qd5 Rd8 21. Qd2 Bf6 22. Nd5 Be5 23. Qh6+ Kg8 24. f4 Bd4+ 25. Kh1 c6 26. Nc7 Qf7 27. Qh4 Nf6 28. Na6 Re8 29. e5 Nd5 30. Qg4 Ne3 31. Rxe3 Bxe3 32. Rf1 Qxa2 33. Qd7 Qe6 34. Qd3 Bd4 35. Nc7 Qe7 36. Nxe8 Qxe8 37. Qc4+ Kg7 38. e6 Kf6 39. Re1 Qe7 40. Qe2 Qd6 41. Qg4 Bxb2 42. Qg5+ Kg7 43. e7 Bc3 44. e8Q Bxe1 45. Qxe1 a5 46. Qee7+ Qxe7 47. Qxe7+ 1-0

[Event "Steinfurt Bezirksklasse 0405"]
[Site "Germany"]
[Date "2005.05.07"]
[Round "10.7"]
[White "Seekircher, Dieter"]
[Black "Altenaehr, Johannes"]
[Result "0-1"]
[WhiteElo "1358"]
[BlackElo "1423"]
[PlyCount "80"]
[EventDate "2004.09.18"]
[EventType "team-tourn"]
[EventRounds "11"]
[EventCountry "GER"]
[SourceTitle "EXT 2006"]
[Source "ChessBase"]
[SourceDate "2005.11.24"]
[SourceVersion "1"]
[SourceVersionDate "2005.11.24"]
[SourceQuality "1"]
[WhiteTeam "Steinfurt III"]
[BlackTeam "Rheine CC"]
[WhiteTeamCountry "GER"]
[BlackTeamCountry "GER"]

1. d4 e5 2. e3 exd4 3. exd4 d5 4. Nf3 Nf6 5. Bd3 Nc6 6. 0-0 Be7 7. Nc3 Bg4 8. Be2 0-0 9. h3 Bf5 10. Re1 Re8 11. Bb5 Bd7 12. Bf4 a6 13. Bd3 b5 14. Qd2 Nb4 15. Bf1 Nc6 16. Re3 Bf5 17. a3 Na5 18. Rae1 b4 19. axb4 Bxb4 20. Ne5 Re6 21. Qd1 Ne4 22. Be2 f6 23. Nf3 Nxc3 24. bxc3 Rxe3 25. fxe3 Bxc3 26. Rf1 Qe7 27. Nh4 Be4 28. Nf3 g5 29. Bh2 Bg6 30. Qc1 Nc6 31. Bd3 Bh5 32. g4 Bf7 33. Bf5 Re8 34. Kf2 h5 35. Rg1 h4 36. Ne1 Nxd4 37. Bd3 Ne6 38. Nf3 Nc5 39. Bf5 d4 40. exd4 Qe2# 0-1

[Event "Steinfurt Bezirksklasse 0405"]
[Site "Germany"]
[Date "2005.02.19"]
[Round "7.7"]
[White "Roewekamp, Andre"]
[Black "Seekircher, Dieter"]
[Result "1/2-1/2"]
[WhiteElo "1155"]
[BlackElo "1358"]
[PlyCount "125"]
[EventDate "2004.09.18"]
[EventType "team-tourn"]
[EventRounds "11"]
[EventCountry "GER"]
[SourceTitle "EXT 2006"]
[Source "ChessBase"]
[SourceDate "2005.11.24"]
[SourceVersion "1"]
[SourceVersionDate "2005.11.24"]
[SourceQuality "1"]
[WhiteTeam "Reckenfeld II"]
[BlackTeam "Steinfurt III"]
[WhiteTeamCountry "GER"]
[BlackTeamCountry "GER"]

1. e4 c6 2. Nf3 d5 3. exd5 cxd5 4. d4 Nf6 5. Be2 Nc6 6. 0-0 Bf5 7. c3 e6 8. Bb5 Bd6 9. Bg5 Bg4 10. Nbd2 0-0 11. Qe1 Be7 12. Bxc6 bxc6 13. Ne5 Bf5 14. Nxc6 Qc7 15. Nxe7+ Qxe7 16. Qe2 h6 17. Bh4 g5 18. Bg3 Ne4 19. Nxe4 dxe4 20. Qh5 Kh7 21. h4 Bg6 22. Qg4 f5 23. Qh3 g4 24. Qh2 Rg8 25. Be5 Qf7 26. Qf4 Bh5 27. g3 Qb7 28. b3 a5 29. Rab1 Qa6 30. Rb2 Qd3 31. Rc1 Qf3 32. Qd2 Raf8 33. c4 Rf7 34. Rc3 e3 35. Rxe3 Qa8 36. Bf4 Rc8 37. Re5 Rf6 38. Rxa5 Qe4 39. Ra7+ Bf7 40. Rd7 Qc6 41. Ra7 Qe4 42. a4 Rd8 43. Be3 e5 44. d5 f4 45. Bc5 fxg3 46. fxg3 Qf3 47. Kh2 Rf5 48. Qc2 e4 49. Re7 Re8 50. Rxe8 Bxe8 51. Qd2 Re5 52. Qe2 e3 53. a5 Rf5 54. Bxe3 Re5 55. Qc2+ Bg6 56. Qf2 Rxe3 57. Qxf3 gxf3 58. Kg1 Re1+ 59. Kf2 Rh1 60. Ke3 Re1+ 61. Kf2 Rh1 62. Rd2 Rh2+ 63. Ke3 1/2-1/2

[Event "Steinfurt Bezirksklasse 0405"]
[Site "Germany"]
[Date "2004.11.13"]
[Round "3.6"]
[White "Vehren, Nico"]
[Black "Seekircher, Dieter"]
[Result "0-1"]
[WhiteElo "1201"]
[BlackElo "1358"]
[PlyCount "84"]
[EventDate "2004.09.18"]
[EventType "team-tourn"]
[EventRounds "11"]
[EventCountry "GER"]
[SourceTitle "EXT 2006"]
[Source "ChessBase"]
[SourceDate "2005.11.24"]
[SourceVersion "1"]
[SourceVersionDate "2005.11.24"]
[SourceQuality "1"]
[WhiteTeam "Rheine SG II"]
[BlackTeam "Steinfurt III"]
[WhiteTeamCountry "GER"]
[BlackTeamCountry "GER"]

1. e4 d6 2. d4 Nf6 3. Nc3 g6 4. Bg5 Bg7 5. Nf3 c6 6. e5 dxe5 7. Nxe5 0-0 8. Bc4 Nbd7 9. Ng4 Nb6 10. Nxf6+ exf6 11. Bxf7+ Rxf7 12. Bc1 Re7+ 13. Ne2 Bf5 14. 0-0 Qd7 15. b3 Rae8 16. Re1 Nd5 17. Bd2 b5 18. Ng3 Rxe1+ 19. Bxe1 Bh6 20. Bd2 Bxd2 21. Qxd2 a5 22. a4 b4 23. Nxf5 Qxf5 24. h3 Nc3 25. Re1 Qd7 26. Rxe8+ Qxe8 27. g4 Qe4 28. Qe3 Qxc2 29. Qe8+ Kg7 30. Qe7+ Kh6 31. Qf8+ Kg5 32. Qc5+ Kh6 33. Kg2 Qe4+ 34. f3 Qe2+ 35. Kg1 Qe3+ 36. Kg2 Qe2+ 37. Kg1 Qe1+ 38. Kg2 Qg3+ 39. Kf1 Qxf3+ 40. Kg1 Ne2+ 41. Kh2 Qg3+ 42. Kh1 Qg1# 0-1

[Event "Steinfurt Bezirksklasse 0304"]
[Site "Germany"]
[Date "2004.03.20"]
[Round "8.5"]
[White "Seekircher, Dieter"]
[Black "Schreck, Uwe"]
[Result "1/2-1/2"]
[WhiteElo "1351"]
[BlackElo "1299"]
[PlyCount "69"]
[EventDate "2003.09.27"]
[EventType "team-tourn"]
[EventRounds "11"]
[EventCountry "GER"]
[SourceTitle "EXT 2005"]
[Source "ChessBase"]
[SourceDate "2004.11.15"]
[SourceVersion "1"]
[SourceVersionDate "2004.11.15"]
[SourceQuality "1"]
[WhiteTeam "Steinfurt III"]
[BlackTeam "Ibbenbueren III"]
[WhiteTeamCountry "GER"]
[BlackTeamCountry "GER"]

1. d4 d5 2. c4 e6 3. Nf3 Nc6 4. e3 Bb4+ 5. Bd2 Bxd2+ 6. Qxd2 Nf6 7. Nc3 0-0 8. Bd3 Nb4 9. 0-0 Nxd3 10. Qxd3 a6 11. Rfe1 dxc4 12. Qxc4 c6 13. Rad1 Nd5 14. e4 Nxc3 15. Qxc3 Re8 16. e5 Qd5 17. b3 Bd7 18. Qe3 Rec8 19. Qf4 Be8 20. Re4 c5 21. Qh4 cxd4 22. Rexd4 Qc5 23. h3 Bb5 24. Rd8+ Rxd8 25. Rxd8+ Rxd8 26. Qxd8+ Qf8 27. Qc7 Bc6 28. Nd4 Bd5 29. f4 g6 30. g4 Qb4 31. Qd8+ Kg7 32. Qf6+ Kh6 33. Qh4+ Kg7 34. Qf6+ Kh6 35. Qg5+ 1/2-1/2

[Event "Steinfurt Bezirksklasse 0304"]
[Site "Germany"]
[Date "2004.01.10"]
[Round "5.6"]
[White "Seekircher, Dieter"]
[Black "Bartsch, Jan"]
[Result "1/2-1/2"]
[WhiteElo "1351"]
[BlackElo "1487"]
[PlyCount "59"]
[EventDate "2003.09.27"]
[EventType "team-tourn"]
[EventRounds "11"]
[EventCountry "GER"]
[SourceTitle "EXT 2005"]
[Source "ChessBase"]
[SourceDate "2004.11.15"]
[SourceVersion "1"]
[SourceVersionDate "2004.11.15"]
[SourceQuality "1"]
[WhiteTeam "Steinfurt III"]
[BlackTeam "Saerbeck Falke III"]
[WhiteTeamCountry "GER"]
[BlackTeamCountry "GER"]

1. d4 d5 2. c4 e6 3. Nf3 Nf6 4. e3 Bb4+ 5. Bd2 Bxd2+ 6. Nbxd2 0-0 7. Bd3 Nbd7 8. 0-0 c5 9. Re1 b6 10. Rc1 Bb7 11. b3 cxd4 12. exd4 Rc8 13. Ne5 dxc4 14. Ndxc4 Nxe5 15. dxe5 Qd5 16. f3 Nd7 17. Be4 Qxd1 18. Rcxd1 Bxe4 19. Rxd7 Bd5 20. Nd6 Ra8 21. Rc1 a5 22. Rcc7 h6 23. Nxf7 Rfc8 24. Nxh6+ gxh6 25. Rg7+ Kh8 26. Rh7+ Kg8 27. Rcg7+ Kf8 28. Rd7 Ke8 29. Rdg7 Kf8 30. Rd7 1/2-1/2

[Event "Steinfurt Bezirksklasse 0304"]
[Site "Germany"]
[Date "2003.10.11"]
[Round "2.5"]
[White "Schneider, Karl Heinz"]
[Black "Seekircher, Dieter"]
[Result "1/2-1/2"]
[WhiteElo "1399"]
[BlackElo "1351"]
[PlyCount "92"]
[EventDate "2003.09.27"]
[EventType "team-tourn"]
[EventRounds "11"]
[EventCountry "GER"]
[SourceTitle "EXT 2005"]
[Source "ChessBase"]
[SourceDate "2004.11.15"]
[SourceVersion "1"]
[SourceVersionDate "2004.11.15"]
[SourceQuality "1"]
[WhiteTeam "Reckenfeld II"]
[BlackTeam "Steinfurt III"]
[WhiteTeamCountry "GER"]
[BlackTeamCountry "GER"]

1. e4 d6 2. Nc3 Nf6 3. Bc4 g6 4. d3 Bg7 5. Bd2 0-0 6. Nf3 c6 7. a3 b5 8. Ba2 Nbd7 9. b4 Qc7 10. Rc1 e5 11. h3 Bb7 12. 0-0 d5 13. exd5 cxd5 14. Nxb5 Qb6 15. Nc3 d4 16. Na4 Qa6 17. c4 Bxf3 18. gxf3 Qe6 19. Kh2 Qf5 20. Bb1 Nh5 21. Rg1 Nf4 22. Bxf4 Qxf4+ 23. Rg3 Nf6 24. Kh1 Bh6 25. Rc2 Nh5 26. Rg4 Qf6 27. Nc5 Rad8 28. Ne4 Qe6 29. c5 f5 30. Ba2 Rd5 31. Ng5 Bxg5 32. Bxd5 Qxd5 33. Rxg5 Nf4 34. Kh2 Kg7 35. c6 h6 36. Rg3 Rc8 37. Rc5 Qa2 38. Qc2 Qxa3 39. Rxe5 Qc3 40. Qxc3 dxc3 41. Rc5 Ne2 42. Rg2 Kf6 43. c7 g5 44. d4 Ke6 45. h4 Kd6 46. hxg5 Rxc7 1/2-1/2

[Event "Steinfurt Bezirksklasse 0203"]
[Site "Germany"]
[Date "2003.01.18"]
[Round "4.5"]
[White "Seekircher, Dieter"]
[Black "Werremeyer, Guido"]
[Result "1-0"]
[WhiteElo "1373"]
[BlackElo "1244"]
[PlyCount "49"]
[EventDate "2002.09.28"]
[EventType "team-tourn"]
[EventRounds "7"]
[EventCountry "GER"]
[SourceTitle "EXT 2005"]
[Source "ChessBase"]
[SourceDate "2004.11.15"]
[SourceVersion "1"]
[SourceVersionDate "2004.11.15"]
[SourceQuality "1"]
[WhiteTeam "Steinfurt III"]
[BlackTeam "Westerkappeln II"]
[WhiteTeamCountry "GER"]
[BlackTeamCountry "GER"]

1. d4 d5 2. c4 e6 3. Nf3 Nf6 4. e3 Be7 5. Bd3 0-0 6. 0-0 b6 7. Re1 dxc4 8. Bxc4 Ne4 9. Qc2 Bb7 10. Bd3 Qd5 11. Nc3 Nxc3 12. bxc3 g6 13. e4 Qd7 14. Bh6 Rd8 15. Rad1 Bc6 16. Qd2 a5 17. Ne5 Qd6 18. Nxc6 Nxc6 19. e5 Qd5 20. Re3 Bf8 21. Bg5 Re8 22. Rf3 Be7 23. Bf6 Bxf6 24. exf6 e5 25. Qh6 1-0